00665nam a2200229 a 4500001001300000003000900013005001700022008004100039020001000080082002000090100001800110245002900128260002700157300000900184500003500193650002400228700001800252902000800270942000700278952013300285999001700418nice12345678IN_TiNIC20260116013959.0070405s2000 newa grp 000 0 eng  ac40000a305.40954bBHA4 aBhai, Thara L aWomen`s Studies in India aNew Delhi bP h c2000 a232p aincludes index and biblioraphy aWomen-India-Studies1 aBhai, Thara L bSRS cBK 001040708StackRoom-aHMIbHMId2008-05-07g400.00l3o305.40954 BHA4p019404r2019-09-09s2019-08-28v400.00w2007-04-05yBK c13356d13356